एक पौंगे का ज़िन्दगीनामा / (Record no. 10634)

MARC details
000 -LEADER
fixed length control field 01209 a2200217 4500
005 - DATE AND TIME OF LATEST TRANSACTION
control field 2008082807067.0
008 - FIXED-LENGTH DATA ELEMENTS--GENERAL INFORMATION
fixed length control field 080828t xxu||||| |||| 00| 0 hin d
010 ## - LIBRARY OF CONGRESS CONTROL NUMBER
LC control number HIN-82563
020 ## - INTERNATIONAL STANDARD BOOK NUMBER
International Standard Book Number 8181500547
Terms of availability 290.00
035 ## - SYSTEM CONTROL NUMBER
System control number HN-54909
037 ## - SOURCE OF ACQUISITION
Source of stock number/acquisition पु.प्र.अ.प्र/प्रका
082 ## - DEWEY DECIMAL CLASSIFICATION NUMBER
Classification number
100 ## - MAIN ENTRY--PERSONAL NAME
Personal name भटनागर, योगेश चन्द्र
245 ## - TITLE STATEMENT
Title एक पौंगे का ज़िन्दगीनामा /
Statement of responsibility, etc योगेश चन्द्र भटनागर
246 ## - VARYING FORM OF TITLE
Title proper/short title Ek paunge ka jindginama
Remainder of title by Yogesh Chandra Bhatnagar
260 ## - PUBLICATION, DISTRIBUTION, ETC. (IMPRINT)
Place of publication, distribution, etc नई दिल्ली
Name of publisher, distributor, etc अरावली बुक्स इंटरनेशनल
Date of publication, distribution, etc 2006
270 ## - ADDRESS
Address डब्ल्यू 30, ओखला इंडस्ट्रियल एरिया, फेस-11
City नई दिल्ली
Postal code 110020
Telephone number 26388830-32, 26389736-38
Fax number 26388829
Electronic mail address Aravali@nde.vsnl.net.in
300 ## - PHYSICAL DESCRIPTION
Extent 389पृ
Dimensions 22 सेमी (अजिल्द)
942 ## - ADDED ENTRY ELEMENTS (KOHA)
Institution code [OBSOLETE] dpl
Koha item type Hindi Books
Call number prefix उ / भटना
Source of classification or shelving scheme Dewey Decimal Classification
Classification part
Call number suffix भटना
Holdings
Withdrawn status Lost status Damaged status Not for loan Home library Current library Date acquired Cost, normal purchase price Total Checkouts Full call number Barcode Date last seen Copy number Uniform Resource Identifier Cost, replacement price Price effective from Koha item type
        D.B.Act.Division D.B.Act.Division   290.00   उ भटना HN-54909 15/09/2008 1 11710 290.00 15/09/2008 Hindi Books

© Delhi Public Library
Hit Counter
free hit counter